Stati per esportazioni di Motori - Statistics

Statistiche generali
  • Questo quiz è stato fatto 42 volte
  • Il punteggio medio è 8 su 10
Statistiche sulle risposte
Esportazioni (miliardi $) Continente Nazione % Corretto
3,15 Europa Francia
100%
7,28 Europa Germania
100%
2,82 Europa Italia
100%
7,70 America del Nord Stati Uniti
97%
4,80 Asia Giappone
92%
4,45 Europa Regno Unito
86%
1,90 Europa Polonia
73%
2,24 Europa Austria
70%
2,62 Europa Svezia
70%
2,21 Europa Ungheria
38%
Nessun quiz corrispondente trovato
Distribuzione punteggi
Percentuale di utenti per punteggio
Percentile per numero di risposta
I tuoi punteggi nel tempo
Non hai fatto questo quiz